zpět

Detail výsledku týmu

Srdcovka Ústí, Ústí nad Labem

Datum a čas kvízu

45.5 Celkem bodů Celkový počet nahraných bodů na tomto kvízu bez doplňovacích otázek.
5. Pořadí na kvízu Konečné umístění týmu na tomto kvízu.

Zaznamenané odpovědi

# Otázka Odpověď Body Výsledky
1. Která česká politička se stala... Markéta Pekarová-Adamová 1
2. Jeden turista zveřejnil video... v Číně 1
3. Ve čtvrtek měl v českých kinec... Mizerové: Na život a na smrt 0.5
4. Společnost Tatra před několika... Phoenix 0
5. Kateřina Siniaková v neděli zí... Coco Gauff 1
6. Dostanete vždy pět indicií, k... Idiot 1
7. Irsko – Homér – Bloom – jeden... Odysseus 1
8. Nashville – Felis – žár – Puli... Kočka na rozpálené plechové střeše 1
9. Roman – okupace – Tibet – Lakm... Spalovač mrtvol 1
10. Karviná – kronika – sv. Petr... Šikmý kostel 0